Prednáška kolegýň z Jazykovedného ústavu Ľ. Štúra Slovenskej Akadémie vied: Slovenský národný korpus - tvorba, štruktúra, využitie
Informácia o konaní prednášky "Slovenský národný korpus", dňa 4. apríla 2019 na Fakulte aplikovaných jazykov Ekonomickej univerzity.
Gespeichert in:
| 1. Verfasser: | |
|---|---|
| Format: | Buchkapitel |
| Sprache: | Slowakisch |
| Schlagworte: | |
| Tags: |
Keine Tags, Fügen Sie das erste Tag hinzu!
|
MARC
| LEADER | 00000naa a2200000 4500 | ||
|---|---|---|---|
| 001 | 0257401 | ||
| 005 | 20240502074101.8 | ||
| 041 | 0 | |a slo | |
| 044 | |a SK | ||
| 245 | 1 | 0 | |a Prednáška kolegýň z Jazykovedného ústavu Ľ. Štúra Slovenskej Akadémie vied: Slovenský národný korpus - tvorba, štruktúra, využitie |c Zuzana Gašová |
| 520 | |a Informácia o konaní prednášky "Slovenský národný korpus", dňa 4. apríla 2019 na Fakulte aplikovaných jazykov Ekonomickej univerzity. | ||
| 610 | 2 | 0 | |a jazyky cudzie |
| 610 | 2 | 0 | |a informácie |
| 610 | 2 | 0 | |a výučba vedecká |
| 610 | 2 | 0 | |a univerzity |
| 100 | 1 | |a Gašová, Zuzana, 1977- | |